[Event "Ricany op"]
[Site "Ricany"]
[Date "2024.07.05"]
[Round "8"]
[White "Glasberger, Roman"]
[Black "Lavrincik, Pavel"]
[Result "1/2-1/2"]
[WhiteElo "1698"]
[BlackElo "1812"]
[PlyCount "187"]
[EventDate "2024.06.29"]
[EventType "swiss"]
[EventRounds "9"]
[EventCountry "CZE"]
[SourceTitle "CBM 221 Extra"]
[Source "ChessBase"]
[SourceDate "2024.09.30"]
[SourceVersion "1"]
[SourceVersionDate "2024.09.30"]
[SourceQuality "1"]

1. d4 d6 2. Nf3 Nf6 3. c4 g6 4. g3 Bg7 5. Bg2 0-0 6. 0-0 Nbd7 7. Nc3 c6 8. e4 e5 9. d5 cxd5 10. cxd5 Nc5 11. Re1 a5 12. Qc2 h6 13. Be3 b6 14. h3 Nh5 15. Bxc5 bxc5 16. Kh2 f5 17. Nh4 Qf6 18. exf5 gxf5 19. Qe2 Qf7 20. Bf3 Nf6 21. Qd2 Rb8 22. Rad1 e4 23. Be2 Bd7 24. a4 Rb4 25. Nb5 Ne8 26. b3 Qf6 27. Bc4 Kh7 28. Ng2 Bxb5 29. Bxb5 Qd4 30. Qc2 Qe5 31. Nf4 Qb2 32. Qxb2 Bxb2 33. Bc4 Nf6 34. Kg2 Re8 35. Re2 Be5 36. Ne6 Rg8 37. Kf1 h5 38. h4 Ng4 39. Ng5+ Kg6 40. Kg2 Re8 41. Rde1 Bc3 42. Rc1 Bf6 43. Ne6 Ne5 44. Bb5 Rb8 45. Rb1 Nf3 46. Re3 Nd4 47. Nxd4 cxd4 48. Ree1 Rc8 49. Bc4 Be5 50. Rbd1 d3 51. f3 d2 52. Re2 exf3+ 53. Kxf3 Kf6 54. Rdxd2 Rg8 55. Rg2 Rg4 56. Rd3 Rb8 57. Ke2 Rbg8 58. Kf2 Re4 59. Rf3 Reg4 60. Bd3 Bd4+ 61. Kf1 f4 62. Rxf4+ Rxf4+ 63. gxf4 Rb8 64. Rg6+ Ke7 65. Re6+ Kd7 66. Bb5+ Kc7 67. Re7+ Kb6 68. Rd7 Kc5 69. Bc4 Rf8 70. Ke2 Rxf4 71. Rc7+ Kb4 72. Rb7+ Kc3 73. Rb5 Rxh4 74. Rxa5 Re4+ 75. Kf3 Re3+ 76. Kg2 h4 77. Ra8 h3+ 78. Kh1 Be5 79. Bf1 Re1 80. Rf8 h2 81. Kg2 Kxb3 82. a5 Ra1 83. a6 Kb4 84. Kh1 Kc5 85. Rf7 Kb6 86. Kg2 Ra3 87. Kh1 Rg3 88. Bg2 Ra3 89. Bf1 Ra1 90. a7 Ra3 91. Kg2 Ra2+ 92. Kh1 Ra4 93. Bg2 Ra1+ 94. Bf1 1/2-1/2

[Event "Ricany op"]
[Site "Ricany"]
[Date "2024.07.03"]
[Round "6"]
[White "Glasberger, Roman"]
[Black "Hosova, Sandra"]
[Result "0-1"]
[WhiteElo "1698"]
[BlackElo "1808"]
[PlyCount "76"]
[EventDate "2024.06.29"]
[EventType "swiss"]
[EventRounds "9"]
[EventCountry "CZE"]
[SourceTitle "CBM 221 Extra"]
[Source "ChessBase"]
[SourceDate "2024.09.30"]
[SourceVersion "1"]
[SourceVersionDate "2024.09.30"]
[SourceQuality "1"]

1. d4 d5 2. Nf3 Nf6 3. Bf4 e6 4. e3 c5 5. c3 Nc6 6. Bd3 Bd6 7. Bg3 Ne4 8. Nbd2 f5 9. Ne5 Bxe5 10. Bxe5 Nxe5 11. dxe5 b6 12. Nf3 0-0 13. h4 Bd7 14. Qe2 Rb8 15. Bb5 c4 16. Bxd7 Qxd7 17. Nd4 b5 18. a3 a5 19. 0-0 Rb6 20. Rfb1 Qe7 21. g3 Qc7 22. Nf3 Rfb8 23. Kg2 b4 24. axb4 axb4 25. cxb4 Rxb4 26. Qc2 Nc5 27. Nd4 Nb3 28. Ra6 Nxd4 29. exd4 Qc8 30. Ra7 R8b7 31. Ra6 h6 32. Ra3 Rb3 33. Ra6 c3 34. Ra5 Rxb2 35. Rxb2 Rxb2 36. Qc1 Qc4 37. Rc5 Qxd4 38. Qxc3 Qxf2+ 0-1

[Event "Ricany op"]
[Site "Ricany"]
[Date "2024.06.30"]
[Round "2"]
[White "Glasberger, Roman"]
[Black "Jakubse, Tamae Severina"]
[Result "0-1"]
[WhiteElo "1698"]
[BlackElo "1935"]
[PlyCount "48"]
[EventDate "2024.06.29"]
[EventType "swiss"]
[EventRounds "9"]
[EventCountry "CZE"]
[SourceTitle "CBM 221 Extra"]
[Source "ChessBase"]
[SourceDate "2024.09.30"]
[SourceVersion "1"]
[SourceVersionDate "2024.09.30"]
[SourceQuality "1"]

1. d4 Nf6 2. c4 g6 3. Nc3 d5 4. Bf4 Bg7 5. e3 0-0 6. Nf3 c5 7. h3 Qa5 8. Qd2 Rd8 9. Bd3 Nc6 10. 0-0 Nh5 11. Be5 Nxe5 12. Nxe5 Bxe5 13. cxd5 cxd4 14. exd4 Bxd4 15. Rfe1 Bxc3 16. bxc3 Qxd5 17. Re3 Nf4 18. f3 Nxd3 19. Rd1 Qc5 20. Kf1 Bf5 21. g4 Nb2 22. Qxd8+ Rxd8 23. Rxd8+ Kg7 24. Re2 Bd3 0-1

[Event "Ricany op"]
[Site "Ricany"]
[Date "2023.08.26"]
[Round "1"]
[White "Glasberger, Roman"]
[Black "Voracek, Zdenek"]
[Result "0-1"]
[WhiteElo "1555"]
[BlackElo "1882"]
[PlyCount "38"]
[EventDate "2023.08.26"]
[EventType "swiss"]
[EventRounds "9"]
[EventCountry "CZE"]
[SourceTitle "CBM 216 Extra"]
[Source "ChessBase"]
[SourceDate "2023.11.30"]
[SourceVersion "1"]
[SourceVersionDate "2023.11.30"]
[SourceQuality "1"]

1. e4 Nf6 2. Nc3 d5 3. exd5 Nxd5 4. Nxd5 Qxd5 5. d4 Nc6 6. Be3 Bf5 7. Nf3 0-0-0 8. c3 e5 9. dxe5 Qe4 10. Qe2 h6 11. Bd4 Nxd4 12. Nxd4 Rxd4 13. cxd4 Bb4+ 14. Kd1 Qxd4+ 15. Kc1 Rd8 16. g4 Bd2+ 17. Kd1 Qxb2 18. gxf5 Qxa1+ 19. Kc2 Qxa2+ 0-1

[Event "Ricany op 20th"]
[Site "Ricany"]
[Date "2022.09.03"]
[Round "9"]
[White "Glasberger, Roman"]
[Black "Hampel, Rudolf"]
[Result "0-1"]
[WhiteElo "1533"]
[BlackElo "1597"]
[PlyCount "118"]
[EventDate "2022.08.27"]
[EventType "swiss"]
[EventRounds "9"]
[EventCountry "CZE"]
[SourceTitle "CBM 210 Extra"]
[Source "ChessBase"]
[SourceDate "2022.11.30"]
[SourceVersion "1"]
[SourceVersionDate "2022.11.30"]
[SourceQuality "1"]

1. e4 c5 2. Nf3 e6 3. d4 cxd4 4. Nxd4 Nf6 5. Nc3 Nc6 6. Be2 Bb4 7. f3 d5 8. Nxc6 bxc6 9. e5 Nd7 10. f4 Nc5 11. 0-0 Bxc3 12. bxc3 Ne4 13. Qe1 Qb6+ 14. Kh1 Ba6 15. Bd3 Bxd3 16. cxd3 Nc5 17. Qg3 0-0 18. f5 exf5 19. Bh6 Ne6 20. Rxf5 Kh8 21. Be3 Qc7 22. Rb1 Rab8 23. Rff1 Rb7 24. Rb3 Rfb8 25. Rfb1 a5 26. d4 a4 27. Rb4 Rxb4 28. Rxb4 Rxb4 29. cxb4 Qb7 30. Qe1 Qb5 31. Kg1 Kg8 32. Qd2 Qc4 33. Kf2 Nc7 34. Qc1 Qxc1 35. Bxc1 Nb5 36. Ke3 Kf8 37. h4 Ke7 38. g4 Ke6 39. Kd3 f6 40. Bf4 g6 41. exf6 Kxf6 42. Be5+ Ke6 43. Bf4 h5 44. gxh5 gxh5 45. Be5 Kf5 46. Bg3 Kg4 47. Be1 Kf3 48. Bd2 Nd6 49. Kc2 Ke4 50. Kb2 Nc4+ 51. Kc2 Nxd2 52. Kxd2 Kxd4 53. a3 Ke4 54. Ke2 d4 55. Kd2 d3 56. Ke1 Ke3 57. Kd1 Kd4 58. Kd2 Kc4 59. Ke3 Kc3 0-1

[Event "CZE-Cup01 sf bd02 email"]
[Site "Czech email"]
[Date "2003.??.??"]
[Round "?"]
[White "Glasberger, Roman"]
[Black "Gutman, Petr"]
[Result "1/2-1/2"]
[WhiteElo "1800"]
[BlackElo "2000"]
[PlyCount "40"]
[EventDate "2003.??.??"]
[EventType "tourn (corr)"]
[EventRounds "14"]
[EventCountry "CZE"]
[SourceTitle "Corr 2006"]
[Source "ChessBase"]
[SourceDate "2006.04.01"]
[SourceVersion "3"]
[SourceVersionDate "2006.04.01"]
[SourceQuality "1"]

1. d4 Nf6 2. c4 e6 3. g3 d5 4. Bg2 Be7 5. Nf3 0-0 6. 0-0 dxc4 7. Qa4 a6 8. Qxc4 b5 9. Qc2 Bb7 10. Bd2 Nc6 11. e3 Nb4 12. Bxb4 Bxb4 13. a3 Be7 14. Nbd2 Rc8 15. b4 a5 16. Ne5 Bxg2 17. Kxg2 axb4 18. Nc6 Qd7 19. axb4 Nd5 20. Rfb1 Bd6 1/2-1/2

[Event "CZE-Cup01 sf bd02 email"]
[Site "Czech email"]
[Date "2003.??.??"]
[Round "?"]
[White "Glasberger, Roman"]
[Black "Markytan, Vladislav"]
[Result "1/2-1/2"]
[WhiteElo "1800"]
[BlackElo "1900"]
[PlyCount "61"]
[EventDate "2003.??.??"]
[EventType "tourn (corr)"]
[EventRounds "14"]
[EventCountry "CZE"]
[SourceTitle "Corr 2006"]
[Source "ChessBase"]
[SourceDate "2006.04.01"]
[SourceVersion "3"]
[SourceVersionDate "2006.04.01"]
[SourceQuality "1"]

1. e4 e6 2. d4 d5 3. Nc3 Nf6 4. Bg5 Be7 5. e5 Nfd7 6. Bxe7 Qxe7 7. f4 0-0 8. Nf3 c5 9. Qd2 f6 10. exf6 Qxf6 11. g3 Nc6 12. dxc5 Nxc5 13. 0-0-0 b6 14. Bb5 Ne7 15. Rhe1 a6 16. Bf1 a5 17. Bh3 Nc6 18. Ng5 Kh8 19. Nb5 Bd7 20. Nc7 Rac8 21. Ncxe6 Nb4 22. Nxf8 Bxh3 23. Nxh3 Na4 24. Re5 Qc6 25. Kb1 Nxb2 26. Kxb2 Qa4 27. Ng6+ hxg6 28. Re8+ Qxe8 29. c3 Nxa2 30. Kxa2 Qa4+ 31. Kb2 1/2-1/2

[Event "CZE-Cup01 sf bd02 email"]
[Site "Czech email"]
[Date "2003.??.??"]
[Round "?"]
[White "Glasberger, Roman"]
[Black "Paukert, Martin"]
[Result "1-0"]
[WhiteElo "1800"]
[BlackElo "2030"]
[PlyCount "69"]
[EventDate "2003.??.??"]
[EventType "tourn (corr)"]
[EventRounds "14"]
[EventCountry "CZE"]
[SourceTitle "Corr 2006"]
[Source "ChessBase"]
[SourceDate "2006.04.01"]
[SourceVersion "3"]
[SourceVersionDate "2006.04.01"]
[SourceQuality "1"]

1. e4 e5 2. Nf3 Nf6 3. d4 Nxe4 4. Bd3 d5 5. Nxe5 Bd6 6. 0-0 0-0 7. c4 Bxe5 8. dxe5 Nc6 9. cxd5 Qxd5 10. Qc2 Nb4 11. Bxe4 Nxc2 12. Bxd5 Bf5 13. g4 Bxg4 14. Be4 Nxa1 15. Bf4 f5 16. Bd5+ Kh8 17. Rc1 c6 18. Bg2 Rfd8 19. Nd2 Rxd2 20. Bxd2 Rd8 21. Bc3 Rd1+ 22. Rxd1 Bxd1 23. Bf1 g6 24. Bc4 Kg7 25. Kf1 Nc2 26. Be2 Bxe2+ 27. Kxe2 c5 28. Kd3 Nb4+ 29. Bxb4 cxb4 30. Kd4 Kf7 31. Kd5 Ke7 32. f4 a5 33. h4 a4 34. b3 a3 35. e6 1-0

[Event "CZE-Cup01 sf bd02 email"]
[Site "Czech email"]
[Date "2003.??.??"]
[Round "?"]
[White "Holasek, Pavel"]
[Black "Glasberger, Roman"]
[Result "0-1"]
[WhiteElo "1800"]
[BlackElo "1800"]
[PlyCount "118"]
[EventDate "2003.??.??"]
[EventType "tourn (corr)"]
[EventRounds "14"]
[EventCountry "CZE"]
[SourceTitle "Corr 2006"]
[Source "ChessBase"]
[SourceDate "2006.04.01"]
[SourceVersion "3"]
[SourceVersionDate "2006.04.01"]
[SourceQuality "1"]

1. e4 c5 2. Nf3 d6 3. Bb5+ Bd7 4. Bxd7+ Qxd7 5. 0-0 Nc6 6. c3 e6 7. d4 cxd4 8. cxd4 Nf6 9. d5 Ne5 10. Nc3 exd5 11. exd5 Be7 12. Re1 0-0 13. Nxe5 dxe5 14. Rxe5 Bd6 15. Re1 Rae8 16. Be3 Ng4 17. h3 Nxe3 18. Rxe3 Rxe3 19. fxe3 Re8 20. e4 Qe7 21. Qf3 Qe5 22. g3 b5 23. a3 a6 24. Kg2 Qg5 25. Rf1 Qg6 26. Qg4 Qxg4 27. hxg4 h6 28. Kf3 Rc8 29. Nd1 Kf8 30. Ne3 Be5 31. Rf2 Rc1 32. Rd2 Ke8 33. Nf5 Kd7 34. Nd4 Rg1 35. Ne2 Rb1 36. Nc3 Bxc3 37. bxc3 Rb3 38. Rc2 Rxa3 39. Ke3 f6 40. Kf4 Ra4 41. Kf5 Ke7 42. Rd2 Kd6 43. Re2 a5 44. Kg6 Rc4 45. Kxg7 Rxc3 46. Kxf6 Rf3+ 47. Kg6 Ke5 48. Kxh6 b4 49. g5 b3 50. g6 a4 51. Rg2 Rf6 52. Rb2 Kxe4 53. Rd2 Rd6 54. Re2+ Kd3 55. Re6 Rd8 56. Rb6 Kc3 57. Rc6+ Kb2 58. Rf6 a3 59. g7 a2 0-1

[Event "CZE-Cup01 sf bd02 email"]
[Site "Czech email"]
[Date "2003.??.??"]
[Round "?"]
[White "Markytan, Vladislav"]
[Black "Glasberger, Roman"]
[Result "1-0"]
[WhiteElo "1900"]
[BlackElo "1800"]
[PlyCount "80"]
[EventDate "2003.??.??"]
[EventType "tourn (corr)"]
[EventRounds "14"]
[EventCountry "CZE"]
[SourceTitle "Corr 2006"]
[Source "ChessBase"]
[SourceDate "2006.04.01"]
[SourceVersion "3"]
[SourceVersionDate "2006.04.01"]
[SourceQuality "1"]

1. d4 Nf6 2. Nf3 e6 3. g3 d5 4. Bg2 c5 5. 0-0 Nc6 6. c4 dxc4 7. dxc5 Qxd1 8. Rxd1 Bxc5 9. Nbd2 c3 10. bxc3 0-0 11. Nb3 Be7 12. Nfd4 Bd7 13. Bg5 Rac8 14. Nb5 Rfd8 15. Nd6 Rb8 16. c4 b6 17. Rd2 Ne5 18. Nb7 Re8 19. c5 Bc6 20. Nd6 Bxg2 21. Nxe8 Rxe8 22. Kxg2 Ne4 23. Rd4 Nxg5 24. cxb6 axb6 25. h4 Nc6 26. Rf4 b5 27. hxg5 Bxg5 28. Rg4 Be7 29. Re4 Ra8 30. a4 Bf6 31. Ra2 Kf8 32. Nc1 bxa4 33. Rexa4 Rxa4 34. Rxa4 Ke7 35. e4 Kd7 36. f4 h5 37. Nd3 Be7 38. e5 Kc7 39. Ra8 Bd8 40. Ra1 Be7 1-0